Sporcle Speed-Picking IV Quiz Stats

 Plays Quiz Updated Nov 28, 2015

Score 0/50 Timer 02:00
16 Plays Today
% Correct
Beta
86.5%
Turtle Doves
85.2%
Geography
84.8%
Omega
84.2%
Golden Rings
84.2%
French Hens
84%
History
83.7%
Calling Birds
83.5%
Pipers Piping
82.7%
Science
82.3%
Madagascar
81.3%
Greenland
81.2%
Gamma
78.6%
Kappa
78.5%
Great Britain
78%
New Guinea
77.9%
Canucks
77.4%
Canadiens
76.9%
Music
75.9%
Penguins
75.7%
Macbeth
74.7%
Epsilon
73.9%
Hamlet
73.3%
Julius Caesar
72.4%
Gaming
71.9%
% Correct
Juliet
71.9%
Cleopatra
65.2%
Volcano
62.9%
Glacier
62.5%
Avalanche
61.1%
Species
59.5%
Order
58.6%
Xbox
58.3%
PlayStation
56.8%
Wii
56.7%
Phylum
56.5%
Geyser
56.5%
Family
56.3%
Fjord
54.4%
Kingdom
52.9%
Honshu
48.7%
Wild
44%
Ming
43.1%
Mesa
43.1%
Qin
42.6%
Zhou
42.1%
Han
39.6%
Shang
37.7%
Genesis
37%
Saturn
24.3%

You're not logged in!

Compare scores with friends on all Sporcle quizzes.
OR
Log In

Show Comments

Extras

Top Quizzes Today


Score Distribution

Your Account Isn't Verified!

In order to create a playlist on Sporcle, you need to verify the email address you used during registration. Go to your Sporcle Settings to finish the process.

Report this User

Report this user for behavior that violates our Community Guidelines.

Details: